| 000 | 02066cam a2200517 i 4500 | ||
|---|---|---|---|
| 001 | 17772201 | ||
| 003 | OSt | ||
| 005 | 20220720070539.0 | ||
| 008 | 130611s2013 nyua 000 0 eng d | ||
| 010 | _a 2013409575 | ||
| 016 | 7 |
_a016301946 _2Uk |
|
| 020 | _a9780194417297 (pbk.) | ||
| 020 | _a0194417298 (pbk.) | ||
| 040 |
_aMMU _beng _cMMU _eMMU |
||
| 042 | _alccopycat | ||
| 050 | 0 | 0 |
_aLB2393 _b.F73 2013 |
| 082 | 0 | 4 |
_a378.1/70281 _223 |
| 100 | 1 |
_aFrazier, Laurie, _eauthor. |
|
| 245 | 1 | 0 |
_aLecture ready. _n3 : _bstrategies for academic listening and speaking / _cLaurie Frazier, Shalle Leeming. |
| 250 | _aSecond edition. | ||
| 260 |
_aNew York ; Oxford : _bOxford University Press, _c2013. |
||
| 300 |
_a132 pages : _bIllustrations (chiefly color) ; _c26 cm. |
||
| 336 |
_atext _btxt _2rdacontent |
||
| 337 |
_aunmediated _bn _2rdamedia |
||
| 338 |
_avolume _bnc _2rdacarrier |
||
| 650 | 0 | _aLecture method in teaching. | |
| 650 | 0 |
_aTeaching _xMethodology. |
|
| 650 | 0 |
_aListening _vProblems, exercises, etc. |
|
| 650 | 0 |
_aNote-taking _vProblems, exercises, etc. |
|
| 650 | 0 | _aStudy skills. | |
| 650 | 0 |
_aEnglish language _vTextbooks for foreign speakers. |
|
| 650 | 0 |
_aEnglish language _xSpoken English _vProblems, exercises, etc. |
|
| 650 | 0 |
_aEnglish language _xStudy and teaching _xForeign speakers. |
|
| 650 | 7 |
_aEnglish language. _2fast _0(OCoLC)fst00910920 _9470 |
|
| 650 | 7 |
_aEnglish language _xSpoken English. _2fast _0(OCoLC)fst00911654 |
|
| 650 | 7 |
_aEnglish language _xStudy and teaching _xForeign speakers. _2fast _0(OCoLC)fst00911692 |
|
| 650 | 7 |
_aLecture method in teaching. _2fast _0(OCoLC)fst00995277 |
|
| 650 | 7 |
_aListening. _2fast _0(OCoLC)fst00999799 |
|
| 650 | 7 |
_aNote-taking. _2fast _0(OCoLC)fst01039590 |
|
| 650 | 7 |
_aStudy skills. _2fast _0(OCoLC)fst01136216 |
|
| 650 | 7 |
_aTeaching _xMethodology. _2fast _0(OCoLC)fst01144598 |
|
| 655 | 7 |
_aProblems and exercises. _2fast _0(OCoLC)fst01423783 |
|
| 655 | 7 |
_aTextbooks _vfor foreign speakers. _2fast _0(OCoLC)fst01423864 |
|
| 700 | 1 | _aLeeming, Shalle. | |
| 942 |
_2lcc _cLOAN LOAN _e2nd ed. |
||
| 999 |
_c26743 _d26743 |
||